000 03069cam a22006974i 4500
003 PE-LiUPU
005 20250731170441.0
008 150625s2006 sp a rb 001 0 spa d
020 _a8448146336
020 _a9788448146337
035 _a(Sirsi) i9788448146337
040 _aPE-LiUPU
_bspa
_cPE-LiUPU
_dPE-LiUPU
_erda
049 _aPRUA
082 0 4 _a159.95
_bS21 2006
082 0 4 _a159.95
_bS21
_221
245 0 0 _aProcesos psicológicos básicos /
_cJulio Santiago de Torres.
250 _aSegunda edición
264 1 _aMadrid :
_bMcGraw-Hill, Interamericana de España,
_c[2006].
300 _a261 páginas :
_bilustraciones ;
_c24 centímetros
336 _atext
_2rdacontent
337 _aunmediated
_2rdamedia
338 _avolume
_2rdacarrier
504 _aIncluye bibliografía al final de cada capítulo.
504 _aÍndice: página 257-261.
505 0 _aPreguntas y respuestas en psicología cognitiva -- La revolución cognitiva -- Símbolos mentales -- Percepción -- La memoria de trabajo -- Memoria a largo plazo -- La organización del conocimiento -- Habilidades procedimentales -- Aprendizaje asociativo -- La atención -- Emoción -- El lenguaje.
526 _aSEG68
526 _aSEG70
526 _aSEG69
526 _aSEG67
526 _aSEG43
526 _aP144
526 _aP143
526 _aP131
526 _aP122
526 _aP120
526 _aP117
526 _aP112
526 _aP110
526 _aP106
526 _aP101
526 _aP80
526 _aP59
526 _aP54
526 _aP35
526 _aP33
526 _aP30
541 _g0012-0003324;
650 0 4 _aPsicología cognitiva.
700 1 _aSantiago de Torres, Julio,
_eautor.
910 _btqv
_cwelc
_d20160906
942 _2ddc
_cBOOK
949 _a159.95 S21 2006
_wDEWEY
_c1
_iFJ01874
_lCCODEBUJ1
_mBUJ
_p30.00
_r0
_sY
_tBOOK
_u2015-10-7
_xSALUD
_PP33
_0COMPRA
_o.STAFF. Colección General Juliaca
949 _a159.95 S21 2006
_wDEWEY
_c2
_iFJ03362
_lCCODEBUJ1
_mBUJ
_p20.00
_r0
_sY
_tBOOK
_u2015-10-7
_xSALUD
_PP33
_0COMPRA
_o.STAFF. Colección General Juliaca
949 _a159.95 S21
_wDEWEY
_c1
_i56831
_d2016-11-30
_e2016-11-29
_lCCODEBUL1
_mBUL
_n5
_r0
_sY
_tBOOK
_u2015-6-25
_xSALUD
_PP33
_0COMPRA
_o.STAFF. Colección Ciencias de la Salud
994 _aC0
_bPEPRU
596 _a1 3
999 _a159.95 S21
_wDEWEY
_c45966
_i56831
_d45966
_e2022-6-9
_f2021-11-3
_g5
_lCCODEBUL1
_mBUL
_n15
_p25.99
_q10
_r1
_sY
_tBOOK
_u2015-6-25
_xSALUD
_zP33
_0COMPRA
_o.STAFF. Colección Ciencias de la Salud
999 _a159.95 S21 2006
_wDEWEY
_c1
_iFJ01874
_d2019-10-28
_e2019-10-24
_f2022-1-17
_g4
_lCCODEBUJ1
_mBUJ
_n13
_p30.00
_q15
_r0
_sY
_tBOOK
_u2015-10-7
_xSALUD
_PP33
_0COMPRA
_o.STAFF. Colección General Juliaca
999 _a159.95 S21 2006
_wDEWEY
_c2
_iFJ03362
_d2019-5-22
_e2019-5-13
_f2022-1-17
_g3
_lCCODEBUJ1
_mBUJ
_n8
_p20.00
_q5
_r0
_sY
_tBOOK
_u2015-10-7
_xSALUD
_PP33
_0COMPRA
_o.STAFF. Colección General Juliaca
980 _81
_gALBERTO SANCHEZ Responsable de Automatización